000 00491nam a22001457a 4500
003 MACL
005 20200105165055.0
008 200105b xxu||||| |||| 00| 0 eng d
040 _cMACL
100 _aपालीवाल, कृष्‍णदत्त
_954946
245 _aअज्ञेय स्‍वातंत्रय की खोज
260 _aदिल्‍ली
_bग्रंथ अकादमी
_c2017
650 _aरचनावली
_9163
942 _2ddc
_cHIN
999 _c61683
_d61683